000 00578nam a22002057a 4500
003 OSt
005 20140310182218.0
008 130907t xxu||||| |||| 00| 0 eng d
020 _a9781840810998
050 _aTX 819.H4
_b.C773 1999
082 _aHS 641.6
_bF37 1999
245 _aCooking with herbs /
_cConsultant editor: Valerie Ferguson.
260 _aLondon :
_bAnness publishing limited,
_cc1999.
300 _a64 p. :
_bill, ;
_c20 cm.
500 _aIncludes Index.
541 _j1
562 _e1
650 _aCooking herbs.
_917150
942 _2lcc
_cHS
999 _c10638
_d10638